K pojmu a obsahu pracovnej disciplíny

Vymedzenie pojmu pracovnej disciplíny. Právna koncepcia pojmu pracovnej disciplíny. Obsah pracovnej disciplíny zamestnanca. Základné právne povinnosti zamestnanca. Praktické príklady.

Salvato in:
Dettagli Bibliografici
Autore principale: Barancová, Helena
Natura: Capitolo di libro
Lingua:slovacco
Soggetti:
Tags: Aggiungi Tag
Nessun Tag, puoi essere il primo ad aggiungerne!!

MARC

LEADER 00000naa a2200000 4500
001 r035237
005 20230919114624.4
041 0 |a slo 
044 |a SK 
245 1 0 |a K pojmu a obsahu pracovnej disciplíny  |c Helena Barancová 
520 |a Vymedzenie pojmu pracovnej disciplíny. Právna koncepcia pojmu pracovnej disciplíny. Obsah pracovnej disciplíny zamestnanca. Základné právne povinnosti zamestnanca. Praktické príklady. 
610 2 0 |a disciplína pracovná 
610 2 0 |a zamestnanci 
610 2 0 |a zamestnávatelia 
610 2 0 |a pomer pracovný 
610 2 0 |a zákonník práce 
610 2 0 |a normy pracovné 
610 2 0 |a vzťahy pracovnoprávne 
610 2 0 |a povinnosti pracovníkov 
610 2 0 |a zákony 
100 1 |a Barancová, Helena